=LDR 00000nam 2200000 4500 =001 INLIS000000000012984 =005 20130612104440 =008 ***********************************Ind** =035 ##$$0010-061300000012984 =041 ##$$a Ind =082 ##$$a F Rom k =090 ##$$a F Rom K, Yud p =100 ##$$a Yudistira, Emha =245 ##$$a Pembalasan burung puyuh, Emha Yudistira =300 ##$$a 16 hlm, ilus, 15 cm =650 ##$$a Fiksi anak -anak =850 ##$$a NBPNMAT